00305nam a2200133Ia 4500008004100000020001500041041001200056082001600068100001400084245002000098260003300118300000800151650001200159221030s9999 xx 000 0 und d a8185015899 aEnglish a105.23bKap aI. Kaplan 0aNuclear Physics bNarosa Pub.aNew Delhic1998 a770 aPhysics